Statistics for Major Events in the 21st Century #1

Click here to take the quiz!

General Stats

  • This quiz has been taken 34 times
  • The average score is 8 of 20

Answers on the Map

Answers color-coded by a green-red scale on the quiz's map according to % correct below.
 

Answer Stats

Answer% Correct
2001/09
93%
2019/12
63%
2020/03
56%
2016/06
52%
2020/05
52%
2003/03
48%
2005/08
48%
2017/10
48%
2004/12
41%
2015/11
41%
2011/03
37%
2008/11
33%
2019/03
33%
2019/06
30%
2010/12
22%
2013/11
22%
2006/01
19%
2014/07
19%
2015/04
19%
2014/04
15%

Score Distribution

Percentile by Number Answered

Percent of People with Each Score

Your Score History

You have not taken this quiz